Vplyv reformy daní zlepšia prídavky na deti
Vplyvy daňovej reformy. Zníženie priameho daňového zaťaženia drvivej väčšiny príjmových skupín. Zavedenie rovnej dane z príjmov. Spotrebiteľské návyky. Efektívna sadzba. Daňový bonus na dieťa. Rodiny s deťmi budú kompenzované v podobe prídavku na dieťa. Úľava pre zamestnávateľov.
Guardado en:
| Autor principal: | |
|---|---|
| Otros Autores: | |
| Formato: | Capítulo de libro |
| Lenguaje: | eslovaco |
| Materias: | |
| Etiquetas: |
Sin Etiquetas, Sea el primero en etiquetar este registro!
|
MARC
| LEADER | 00000naa a2200000 4500 | ||
|---|---|---|---|
| 001 | r049151 | ||
| 005 | 20230921115136.5 | ||
| 041 | 0 | |a slo | |
| 044 | |a SK | ||
| 245 | 1 | 0 | |a Vplyv reformy daní zlepšia prídavky na deti |c Rado Baťo, Pavol Suďa |
| 520 | |a Vplyvy daňovej reformy. Zníženie priameho daňového zaťaženia drvivej väčšiny príjmových skupín. Zavedenie rovnej dane z príjmov. Spotrebiteľské návyky. Efektívna sadzba. Daňový bonus na dieťa. Rodiny s deťmi budú kompenzované v podobe prídavku na dieťa. Úľava pre zamestnávateľov. | ||
| 610 | 2 | 0 | |a dane |
| 610 | 2 | 0 | |a reformy daňové |
| 610 | 2 | 0 | |a zaťaženie daňové |
| 610 | 2 | 0 | |a spotrebitelia |
| 610 | 2 | 0 | |a spotreba |
| 610 | 2 | 0 | |a domácnosti |
| 610 | 2 | 0 | |a prídavky na deti |
| 610 | 2 | 0 | |a dane rovné |
| 610 | 2 | 0 | |a zamestnávatelia |
| 610 | 2 | 0 | |a zamestnanci |
| 610 | 2 | 0 | |a príjmy |
| 100 | 1 | |a Baťo, Rado | |
| 700 | 1 | |a Suďa, Pavol | |